عرض عادي
عرض مارك
- Biodiversity conservation
دخول Topical Term
001 - CONTROL NUMBER
- control field: 14351
003 - CONTROL NUMBER IDENTIFIER
- control field: AE-AdECS
005 - DATE AND TIME OF LATEST TRANSACTION
- control field: 20250416123438.0
008 - FIXED-LENGTH DATA ELEMENTS
- fixed length control field: 250416|| aca||aabn | a|a d
040 ## - CATALOGING SOURCE
- Original cataloging agency: AE-AdECS
- Transcribing agency: AE-AdECS
150 ## - HEADING--TOPICAL TERM
- Topical term or geographic name entry element: Biodiversity conservation
- Geographic subdivision: Africa, Southern
670 ## - SOURCE DATA FOUND
- Source citation: Work cat.: (AE-AdECS)289933: Sustainability of southern African ecosystems under global change :
